00458pab a2200157 454500008004000000100002600040245007200066260000900138300001300147362001000160650002900170650002700199650002200226650003200248773002000280180718b2015 xxu||||| |||| 00| 0 eng d aRout, Gyanendra Kumar aICT integration in pedagogy of teacher education: a paradigm shift  c2015 ap.17-22. a4 May aCommunication technology aInformation technology aTeacher education aInservice teacher education aUniversity News